Základná škola na Topoľovovej ulici v Nitre

Bibliographic Details
Main Author: Babušíková, Helena (Author)
Format: Article
Language:Slovak
PhysicalDescription:Fotogr.
ISSN:1336-7161
Subjects:

MARC

LEADER 00000nab a2200000 ar4500
001 vtls008427247
003 SK-MaSNL
005 20260303065952.0
008 060130c2005 xo mr|p||| |000 b|slo
015 |a SNBRB2006/01 
038 |a SPK 
040 |a SPKCL  |b slo  |c AACR2  |e AACR2 
041 0 |a slo 
044 |a xo  |c SK 
080 |a 373.3  |x (437.6)  |2 UDC-MRF-SK2 
100 1 |a Babušíková, Helena  |4 aut  |9 1066744 
245 1 0 |a Základná škola na Topoľovovej ulici v Nitre  |c Helena Babušíková 
300 |b Fotogr. 
610 2 7 |a Základná škola na Topoľovovej ulici (Nitra, Slovensko)  |2 snkbucl  |9 1066745 
650 0 7 |a Základná škola  |2 spk  |9 771302 
650 0 7 |a činnosť  |2 spk  |9 282874 
650 0 7 |a projekty  |2 snkbucl  |9 18866 
651 7 |a Nitra (Slovensko)  |2 snkbucl  |9 15714 
773 0 |t Pán učiteľ : časopis pre učiteľov, rodičov a žiakov  |g Roč. 1, č. 4 (2005), s. [8]  |x 1336-7161 
852 |a SPK  |b KIS3GCP 
999 |c 1753461  |d 1755391